Let us converse in Arabic

Bibliographic Details
Main Author: Dr.Syed Ali
Format: Book
Published: Kuala Lumpur : Golden Books Centre , 1999
Subjects:

MARC

LEADER 00000cam a2200000 7i4500
001 0000016607
005 20080428.0
008 280408
020 |a 9837203765 
090 0 0 |a 492.7   |b ALI 
100 1 |a Dr.Syed Ali 
245 1 0 |a Let us converse in Arabic   |c By Dr.Syed Ali 
260 |a Kuala Lumpur :   |b Golden Books Centre ,   |c 1999 
650 0 |a Arabic language 
999 |a 0000925800   |b Book   |c Adult Collection   |e Cawangan Bukit Gambir 
999 |a 0000925801   |b Book   |c Adult Collection   |e Cawangan Bukit Gambir 
999 |a 0000935910   |b Book   |c Adult Collection   |e Cawangan Tangkak 
999 |a 0000935911   |b Book   |c Adult Collection   |e Cawangan Tangkak 
999 |a 0000946728   |b Book   |c Adult Collection   |e Cawangan Taman Sri Lambak 
999 |a 0001012705   |b Book   |c Adult Collection   |e Perbadanan Perpustakaan Awam Johor 
999 |a 0001012706   |b Book   |c Adult Collection   |e Perbadanan Perpustakaan Awam Johor 
999 |a 0001012707   |b Book   |c Adult Collection   |e Perbadanan Perpustakaan Awam Johor